Biblioteca

Objetivos teológicos de la reforma de la Iglesia (Registro nro. 69760)

Detalles MARC
000 -LÍDER
Campo fijo de descripción fija 01459nab a2200241 i 4500
001 - NÚMERO DE CONTROL
Campo de control 768714001
003 - IDENTIFICADOR DEL NÚMERO DE CONTROL
Campo de control CO-MdFUSB
005 - FECHA Y HORA DE LA ULTIMA TRANSACCIÓN
control field 20240517083825.0
008 - ELEMENTOS DE LONGITUD FIJA -- INFORMACIÓN GENERAL
Campo fijo de descripción fija -- Información general 240517t1972 sp ||||| |||| 00| 0 spa d
040 ## - FUENTE DE CATALOGACIÓN
Idioma de catalogación spa
Agencia que realiza la transcripción CO-MdFUSB
Agencia que realiza la modificación CO-MdFUSB
041 ## - CÓDIGO DE IDIOMA
Código de idioma para texto/pista de sonido o título separado spa
100 ## - ASIENTO PRINCIPAL--NOMBRE PERSONAL
Nombre personal Ohlig, Karl-Heinz,
Término relacionador autor
245 ## - TÍTULO
Título Objetivos teológicos de la reforma de la Iglesia
Mención de responsabilidad / Karl-Heinz Ohlig ; traducido por J. Rey Marcos
520 ## - NOTA DE RESUMEN, ETC.
Nota de sumario, etc. La reforma de la Iglesia, de que tanto se habla, se entiende con frecuencia de manera unilateral desde el aspecto de una acomodación de las estructuras, la predicación, el lenguaje y la doctrina eclesiástica a las formas de la sociedad moderna. Cuando se habla de aggiornamento (Juan XXIII) se piensa en una reforma de las estructuras eclesiásticas, anticuadas e inmóviles a lo largo de los siglos. Por eso los enemigos de la reforma descalifican fácilmente todos estos intentos como si no fueran más que una especie de modernismo, de moda terminológica o de adaptación frívola e inconsistente.
650 #7 - ASIENTO SECUNDARIO DE MATERIA - TERMINO TEMÁTICO
Término temático o nombre geográfico como elemento de entrada Teología pastoral
9 (RLIN) 227
650 #7 - ASIENTO SECUNDARIO DE MATERIA - TERMINO TEMÁTICO
Término temático o nombre geográfico como elemento de entrada Cristología
9 (RLIN) 239
650 #7 - ASIENTO SECUNDARIO DE MATERIA - TERMINO TEMÁTICO
Término temático o nombre geográfico como elemento de entrada Iglesia
9 (RLIN) 655
653 ## - TÉRMINO DE INDIZACIÓN - NO CONTROLADO
Término no controlado Reforma de la Iglesia
700 ## - ENTR. SECUNDARIA - Nombre Personal (R)
Nombre de persona Rey Marcos, J.,
Término indicativo de función traductor
773 0# - ASIENTO DE ITEM FUENTE
Biblionumber 49450
Itemnumber 82641
Otro identificador del ítem R2563
Título Revista internacional de teología Concilium
Número de control del registro (CO-MdFUSB)8
Número Internacional Normalizado para Publicaciones Seriadas (ISSN) 0210-1041
Parte(s) relacionada(s) / Volumen., número. (mes año), páginas Número 73, (marzo, 1972), páginas: 338 - 350
Enumeración y primera página página: 338
942 ## - TIPO DE MATERIAL (KOHA)
Tipo de Item KOHA Artículos de Revista
945 ## - INFORMACIÓN LOCAL DEL REGISTRO
Catalogador Catherine Arias Alvarez - Practicante SENA

No hay ítems disponibles.

Biblioteca FUSBC | Teléfono: (57+4) 349 88 10 Ext. 141| WhatsApp (+57) 3005338115 
E-mail: biblioteca@unisbc.edu.co | Calle 76 87-14 Robledo Palenque, Medellín, Colombia

Con tecnología Koha